| АИС "Историко-культурное наследие Беларуси" | ||
| Базовый | Расширенный | Профессиональный | Словарь персоналий | Тематический словарь | По видам объектов | История запросов Заказы | Регистрация | |
Запись в MARC-формате
| копировать MARC-запись |
=LDR 00000nx\\c2200217\\\45\\
=001 BY-NLB-ar3271949
=005 20160330095632.6
=100 \\$a20090824arusy50\\\\\\ca0
=152 \\$apsbo
=160 \\$ae-bw
=215 \\$aИосифовский костел (Рубежевичи, агрогородок; Столбцовский район)
=300 1\$aПостроен в 1907–1911 гг. Памятник архитектуры неоготики. В 1982 г. отреставрирован.
=356 \\$aНаходится в агрогородке Рубежевичи Столбцовского района Минской области.
=415 \\$aКостел Святого Иосифа (Рубежевичи, агрогородок; Столбцовский район)
=415 \\$aРубежевичский Иосифовский костел
=515 \\$5w$3BY-NLB-ar3271952$aІосіфаўскі касцёл (Рубяжэвічы, аграгарадок; Стаўбцоўскі раён)
=801 \0$aBY$bBY-HM0000$c20090824
=810 \\$aРеспублика Беларусь : энциклопедия. [В 7 т.]. Т. 6. — Минск, 2008.
=810 \\$aКаталіцкія храмы на Беларусі : энцыклапедычны даведнік / А. М. Кулагін. — Мінск, 2000.
=810 \\$aКаталіцкія храмы Беларусі / А. М. Кулагін. — Мінск, 2008.
=999 \\$f40$t20090824
Чтобы вернуться назад, щелкните кнопку BACK на Вашем браузере